000 02225nam a22003857a 4500
003 DO-SdBNP
005 20210510103319.0
008 171101b 2005 dr | 00| 0 spa d
020 _a9993423602
040 _aBPMSU
_bspa
_cBPMSU
082 _a557.27293
_bG112s 2005
_222
100 1 _aM. Gabb, William
_d1839-1878
240 _aGeological map of the Republic of Santo Domingo
_lEspañol
245 1 0 _aSobre la topografía y geología de Santo Domingo :
_bextracto de las memorias de la Sociedad Filosófica Americana /
_cWilliam M. Gabb ; traductor Ramón Cedano Melo ; presentación Romeo A. Llinás, Iván Taveras C.
246 1 3 _aGeología y paleontología
260 _aSanto Domingo :
_bSociedad Dominicana de Bibliófilos,
_c2005.
300 _av. :
_bils., mapa. ;
_c23 cm.
490 0 _aBibliófilos 2000
_v15
500 _3Incluye una hoja plegable
500 _3Incluye índice
504 _aIncluye referencias bibliográficas y notas al pie de las páginas
505 0 _aIntroducción -- Perfil biográfico de autor -- Presentación -- Introducción -- Descripción topográfica -- Topografía de la Cordillera Central -- Topografía de la Región Norte de la Cordillera Central -- Topografía de la Región Sur de la Cordillera Central -- Formaciones geológicas -- El Grupo Sierra -- Rocas intrusivas -- El Mioceno -- Post-plioceno o formación costera -- Geología local -- Geología de la Cordillera Central-- Geología de los valles y estribaciones norte de la Cordillera Central -- Geología de la Sierra de Monte Cristi -- Geología de Samaná -- Geología de la Región al Sur de la Cordillera Central -- Paleontología GÍA -- Catálogo descriptivo de los moluscos fósiles -- Referencias.
590 _6Inventariado, 2021/VM
650 4 _aPaleontología
_zRepública Dominicana
650 4 _aGeología
_zRepública Dominicana
700 1 _a Cedano Melo, Ramón
_etr.
700 1 _a Llinás, Romeo A.
_epresentación
700 1 _aTaveras C., Iván
_epresentación
710 2 _aSociedad Dominicana de Bibliófilos
830 0 _aBibliófilos 2000
_n15
910 _aVMateo
942 _2ddc
_cBK
945 _aInventariado, 2018 /LP
956 _aBTAVAREZ
_b10
_c20170111
_d0038
999 _c12741
_d12741